| 000 | 00808nac a22002291u 4500 | ||
|---|---|---|---|
| 010 | _a 2005041198 | ||
| 020 | _a1405137940 (alk. paper) | ||
| 020 | _a9781405137942 | ||
| 035 | _a(OCoLC)ocm58599746 | ||
| 082 | 0 | 0 |
_a621 _bB6943 |
| 090 |
_c1913 _d1913 |
||
| 100 | _aBolton, W. | ||
| 245 | 1 | 0 |
_aMechanical science / _cW. Bolton. |
| 250 | _a3rd ed. | ||
| 260 |
_aOxford ; _aMalden, MA : _bBlackwell Pub., _c2006. |
||
| 300 |
_aix, 486 p. : _bill. ; _c25 cm. |
||
| 500 | _aIncludes index. | ||
| 650 | 0 | _aMechanics, Applied. | |
| 856 | 4 | 1 |
_3Table of contents only _uhttp://www.loc.gov/catdir/toc/fy0701/2005041198.html |
| 942 |
_cBB _k621 |
||
| 999 |
_c1913 _d1913 |
||